000 01805nam a2200529 i 4500
001 25131
003 KOSZ 005
005 20211119115755.0
008 980702s1996 pl a f |001 0 pol
015 _aUWD 1996/2340
020 _a8320809983
035 _a991003916449705066
035 _a(PL-WaBN)b11043489-48omnis_nlop
035 _ab11043489
035 _a(OCoLC)749310843
035 _a(PL)b0000001104348
035 _a(EXLNZ-48OMNIS_NETWORK)9910443105205606
040 _aWA N
_cWA N
_dKOSZ 005/EG
041 1 _apol
_heng
080 _a658.1/.5
080 _a(075.8)
100 1 _aKay, John Anderson
_eAutor
245 1 0 _aPodstawy sukcesu firmy /
_cJohn Kay ; przekł. [z ang.] Andrzej Ehrlich.
246 1 _iTyt. oryg.:
_aFoundations of corporate success,
_f1993
260 _aWarszawa :
_bPańst. Wydaw. Ekonomiczne,
_c1996.
300 _a525, [3] s. :
_bwykr. ;
_c20 cm.
336 _aTekst
_btxt
_2rdacontent
337 _aBez urządzenia pośredniczącego
_bn
_2rdamedia
338 _aWolumin
_bnc
_2rdacarrier
380 _aKsiążki
380 _aPublikacje dydaktyczne
385 _mPoziom nauczania
_aSzkoły wyższe
388 _a1901-2000
388 _a1989-2000
504 _aBibliogr. s. 497-516. - Indeksy.
650 7 _aKonkurencja
_2DBN
650 7 _aPrzedsiębiorstwo prywatne
_2DBN
650 7 _aOrganizacja
655 7 _aPodręczniki akademickie
_2DBN
658 _aGospodarka, ekonomia, finanse
658 _aZarządzanie i marketing
700 1 _aEhrlich, Andrzej
_eTłumaczenie
710 2 _aPaństwowe Wydawnictwo Ekonomiczne
_4pbl
856 _uhttp://koha.tu.koszalin.pl/cgi-bin/koha/opac-detail.pl?biblionumber=25131
_yKatalog online BPK
942 _2UKD
_cKS
999 _c25131
_d25131